| 000 | 00680nam a2200217Ii 4500 | ||
|---|---|---|---|
| 003 | JO-AjNU | ||
| 008 | 230605s9999||||xx |||||||||||||| ||und|| | ||
| 020 | _a977-5758-74-2 | ||
| 040 |
_aJO-AjNU _bara _erda _cJO-AjNU |
||
| 041 | _aara | ||
| 050 | 1 | 4 | _aJC319.G4864.1987 |
| 100 | 3 |
_aغنيم ،عبد الحميد, _eauthor _941392 |
|
| 245 | 0 | 0 | _aالجغرافيا السياسية والعلاقات الدولية |
| 250 | _aط1 | ||
| 264 | 3 | 1 | _aالكويت :دار الفلاح ،1987 |
| 300 | _a340ص | ||
| 336 |
_atext _btxt _2rdacontent |
||
| 337 |
_aunmediated _bn _2rdamedia |
||
| 338 |
_avolume _bnc _2rdacarrier |
||
| 650 | 4 |
_aجغرافيا سياسية _941393 |
|
| 999 |
_aA17644 _c21212 _d21212 |
||